| 000 | 006920000a22001930004500 | ||
|---|---|---|---|
| 999 |
_c47491 _d47491 |
||
| 001 | 244 | ||
| 003 | CO-MdFUSB | ||
| 005 | 20180328150414.0 | ||
| 008 | 180328b xxu||||| |||| 00| 0 eng d | ||
| 020 | _a84-8055-314-6 | ||
| 040 | _cCO-MdBIC | ||
| 082 | 0 | 4 | _a036 P94p |
| 100 | 1 | _aLópez, Antonio | |
| 245 | 1 | 0 | _aPrograma Universal de Estudios, Dirección y coordinación : Antonio López |
| 260 | _aMadrid : Cultural, S.A. | ||
| 300 | _a328 P. | ||
| 505 | 0 | 0 | _aTomo 1 : Ciencias Naturales Tomo 2 : Computación y Tecnología Tomo 3 : Física y Química Tomo 4 : Geografía Universal Tomo 5 : Historia del Mundo Tomo 6 : Lengua Y literatura Tomo 7 : Matemáticas y Economía |
| 942 | _cLGB | ||